[Event "FRA-chT2A 0506"]
[Site "France"]
[Date "2005.11.20"]
[Round "3.9"]
[White "Fontaine, David"]
[Black "Labatut, Tifany"]
[Result "1-0"]
[WhiteElo "1967"]
[BlackElo "1620"]
[PlyCount "45"]
[EventDate "2005.10.27"]
[EventType "team-tourn"]
[EventRounds "11"]
[EventCountry "FRA"]
[SourceTitle "EXT 2006"]
[Source "ChessBase"]
[SourceDate "2005.11.24"]
[SourceVersion "1"]
[SourceVersionDate "2005.11.24"]
[SourceQuality "1"]
[WhiteTeam "Rennes Paul Bert"]
[BlackTeam "Sautron"]
[WhiteTeamCountry "FRA"]
[BlackTeamCountry "FRA"]

1. d4 d5 2. c4 Nc6 3. Nc3 Nf6 4. Nf3 Bf5 5. e3 e6 6. cxd5 Nxd5 7. Bb5 Bb4 8. Bd2 0-0 9. 0-0 Bxc3 10. bxc3 Nce7 11. Nh4 Nf6 12. Nxf5 Nxf5 13. Bd3 Nd6 14. Qc2 Rc8 15. e4 c5 16. e5 cxd4 17. exf6 Qxf6 18. Rac1 h6 19. Qb2 dxc3 20. Bxc3 Qg5 21. Bb4 Qd5 22. Rcd1 Qc6 23. Bxd6 1-0

[Event "FRA-ch U18 Girls"]
[Site "Calvi"]
[Date "2005.04.23"]
[Round "8"]
[White "Magnin, Segolene"]
[Black "Labatut, Tifany"]
[Result "1-0"]
[WhiteElo "1900"]
[BlackElo "1580"]
[PlyCount "61"]
[EventDate "2005.04.??"]
[EventType "swiss"]
[EventRounds "9"]
[EventCountry "FRA"]
[SourceTitle "EXT 2006"]
[Source "ChessBase"]
[SourceDate "2005.11.24"]
[SourceVersion "1"]
[SourceVersionDate "2005.11.24"]
[SourceQuality "1"]

1. b4 c6 2. c4 a5 3. b5 cxb5 4. cxb5 Qb6 5. a4 e5 6. Qc2 Bc5 7. e3 d5 8. Ba3 Ne7 9. Nc3 Nd7 10. Nf3 0-0 11. Bxc5 Qxc5 12. d4 exd4 13. Nxd4 Nf6 14. Rc1 Qd6 15. Be2 Bd7 16. 0-0 Rac8 17. Qb2 Nf5 18. Rfd1 Nxd4 19. Rxd4 Be6 20. Bf3 Rc5 21. Rdd1 Rfc8 22. Ne2 Ng4 23. Bxg4 Bxg4 24. f3 Be6 25. Qd4 Rc4 26. Rxc4 Rxc4 27. Qxc4 Qa3 28. Qd4 h6 29. Kf2 Qd6 30. g3 Qe7 31. Nf4 1-0

[Event "FRA-ch U18 Girls"]
[Site "Calvi"]
[Date "2005.04.20"]
[Round "5"]
[White "Labatut, Tifany"]
[Black "Bermond, Stephanie"]
[Result "0-1"]
[WhiteElo "1580"]
[BlackElo "2006"]
[PlyCount "52"]
[EventDate "2005.04.??"]
[EventType "swiss"]
[EventRounds "9"]
[EventCountry "FRA"]
[SourceTitle "EXT 2006"]
[Source "ChessBase"]
[SourceDate "2005.11.24"]
[SourceVersion "1"]
[SourceVersionDate "2005.11.24"]
[SourceQuality "1"]

1. e4 d5 2. exd5 Nf6 3. Bb5+ Bd7 4. Bc4 Bg4 5. f3 Bf5 6. g4 Bc8 7. Nc3 h6 8. Nge2 Nbd7 9. d4 Nb6 10. Bb3 Nfxd5 11. Qd3 e6 12. Bf4 Nxf4 13. Nxf4 Qh4+ 14. Kf1 Bd6 15. Ng2 Qe7 16. Re1 Bd7 17. Ne4 0-0-0 18. c4 Bb4 19. Nc3 Bc6 20. f4 Qf6 21. a3 Rxd4 22. Qg3 Bc5 23. Nb5 Bxg2+ 24. Kxg2 Rd2+ 25. Kh3 Bf2 26. g5 hxg5+ 0-1

[Event "FRA-chT2 0405"]
[Site "France"]
[Date "2005.01.09"]
[Round "6.9"]
[White "Labatut, Tifany"]
[Black "Brisson, Valerie"]
[Result "1-0"]
[WhiteElo "1580"]
[BlackElo "1299"]
[PlyCount "113"]
[EventDate "2004.10.10"]
[EventType "team"]
[EventRounds "11"]
[EventCountry "FRA"]
[SourceTitle "EXT 2006"]
[Source "ChessBase"]
[SourceDate "2005.11.24"]
[SourceVersion "1"]
[SourceVersionDate "2005.11.24"]
[SourceQuality "1"]

1. e4 e5 2. Nf3 Nc6 3. d4 d6 4. dxe5 dxe5 5. Qxd8+ Kxd8 6. Bc4 Nh6 7. Nc3 Bg4 8. Be3 Bb4 9. 0-0-0+ Bd7 10. Nd5 f6 11. Nxb4 Nxb4 12. a3 Nc6 13. Be6 Nb8 14. Rd2 Ke7 15. Bd5 Bc6 16. Rhd1 Nf7 17. Nh4 g6 18. f4 Nd6 19. fxe5 fxe5 20. Bg5+ Kd7 21. Re1 Bxd5 22. Rxd5 Nc6 23. Bf6 Rhf8 24. Bxe5 Nxe5 25. Rxe5 Rae8 26. Rxe8 Rxe8 27. e5 Nc4 28. Nf3 h6 29. Re4 Na5 30. Nd4 Nc6 31. e6+ Kd6 32. Nb5+ Kd5 33. Re1 Re7 34. b3 a6 35. c4+ Kc5 36. Nc3 Nd4 37. Re5+ Kc6 38. Nd5 Rxe6 39. Rxe6+ Nxe6 40. Ne7+ Kd6 41. Nxg6 Nd4 42. Kb2 b5 43. cxb5 axb5 44. Nf4 c5 45. Kc3 Nc6 46. Kd3 Nd4 47. a4 bxa4 48. bxa4 Nb3 49. h4 Na5 50. g4 c4+ 51. Kd4 Ke7 52. Nd5+ Kd6 53. g5 hxg5 54. hxg5 Kd7 55. Nb6+ Ke7 56. Nxc4 Nxc4 57. Kxc4 1-0